FIFA World Cup Host Winners - Statistics

General Stats
  • This quiz has been taken 28 times
  • The average score is 6 of 6
Answer Stats
Year Team % Correct
1934 Italy
100%
1966 England
96%
1974 West Germany
96%
1978 Argentina
92%
1998 France
92%
1930 Uruguay
85%
No matching quizzes found
Score Distribution
Percent of People with Each Score
Percentile by Number Answered
Your Score History
You have not taken this quiz